[Event "Toamna"]
[Site "Balti"]
[Date "2007.11.10"]
[Round "8"]
[White "Susterman, Semion"]
[Black "Procopenco, Alexander"]
[Result "1/2-1/2"]
[WhiteElo "2164"]
[BlackElo "1822"]
[PlyCount "65"]
[EventDate "2007.11.03"]
[EventType "tourn"]
[EventRounds "11"]
[EventCountry "MDA"]
[SourceTitle "EXT 2023"]
[Source "ChessBase"]
[SourceDate "2022.10.05"]
[SourceVersion "1"]
[SourceVersionDate "2022.10.05"]
[SourceQuality "1"]

1. e4 d6 2. d4 Nf6 3. Nc3 c6 4. Nf3 Bg4 5. Be2 Nbd7 6. 0-0 e5 7. h3 Bxf3 8. Bxf3 Qc7 9. Be3 h6 10. Qd2 Be7 11. Rfd1 0-0 12. Ne2 Nxe4 13. Bxe4 f5 14. dxe5 Nxe5 15. Bd3 g5 16. Bd4 Rad8 17. Ng3 c5 18. Bc3 Qc8 19. Bxe5 dxe5 20. Bc4+ Kg7 21. Qc3 Bf6 22. Nh5+ Kg6 23. Nxf6 Kxf6 24. Qa5 Rd4 25. Rxd4 cxd4 26. Qd5 Qc7 27. Qe6+ Kg7 28. Re1 e4 29. Rd1 Rd8 30. Rxd4 Rxd4 31. Qg8+ Kf6 32. Qe6+ Kg7 33. Qg8+ 1/2-1/2

[Event "Toamna"]
[Site "Balti"]
[Date "2007.11.04"]
[Round "2"]
[White "Lazo, Xenia"]
[Black "Procopenco, Alexander"]
[Result "1-0"]
[WhiteElo "2089"]
[BlackElo "1822"]
[PlyCount "123"]
[EventDate "2007.11.03"]
[EventType "tourn"]
[EventRounds "11"]
[EventCountry "MDA"]
[SourceTitle "EXT 2023"]
[Source "ChessBase"]
[SourceDate "2022.10.05"]
[SourceVersion "1"]
[SourceVersionDate "2022.10.05"]
[SourceQuality "1"]

1. d4 d6 2. Bg5 Nf6 3. Bxf6 exf6 4. c4 d5 5. e3 Bb4+ 6. Nd2 c5 7. a3 Bxd2+ 8. Qxd2 cxd4 9. Qxd4 Be6 10. cxd5 Qxd5 11. Qxd5 Bxd5 12. 0-0-0 Be6 13. Ne2 Nc6 14. Nc3 Ke7 15. Bd3 Rad8 16. Be4 f5 17. Bxc6 Rxd1+ 18. Rxd1 bxc6 19. Rd4 Rd8 20. Ra4 Rd7 21. Kc2 Kd6 22. Ra5 g6 23. b4 Bc4 24. Rc5 Bf1 25. g3 Re7 26. Nb1 Re5 27. Nd2 Bb5 28. Rc3 a5 29. Nf3 Ba4+ 30. Kc1 axb4 31. axb4 Rd5 32. Kb2 h6 33. Ka3 Bb5 34. Nd4 Rxd4 35. exd4 Kd5 36. Re3 Kxd4 37. Re7 Bc4 38. Ka4 Be6 39. Ka5 Kc4 40. Re8 Bd5 41. Re1 Be4 42. Rc1+ Kd5 43. Kb6 Kd6 44. h3 Bf3 45. g4 fxg4 46. hxg4 h5 47. gxh5 gxh5 48. Rc4 Bd5 49. Rh4 Bf3 50. Rh3 Be2 51. Re3 Bf1 52. Re1 Bg2 53. Rg1 Bf3 54. Rg7 Ke6 55. Kc5 Kf6 56. Rg3 Bd5 57. b5 h4 58. Rh3 Bg2 59. b6 Bxh3 60. b7 Bg2 61. b8Q h3 62. Qg3 1-0